<?xml version="1.0" encoding="UTF-8"?>
<record
    xmlns:xsi="http://www.w3.org/2001/XMLSchema-instance"
    xsi:schemaLocation="http://www.loc.gov/MARC21/slim http://www.loc.gov/standards/marcxml/schema/MARC21slim.xsd"
    xmlns="http://www.loc.gov/MARC21/slim">

  <leader>01581nam a2200265Ka 4500</leader>
  <controlfield tag="001">000001583</controlfield>
  <controlfield tag="005">20200929145628.0</controlfield>
  <controlfield tag="008">090623s2002    dr ac         001 0 spa d</controlfield>
  <datafield tag="020" ind1=" " ind2=" ">
    <subfield code="a">844902269X</subfield>
  </datafield>
  <datafield tag="020" ind1=" " ind2=" ">
    <subfield code="a">9788449022692</subfield>
  </datafield>
  <datafield tag="040" ind1=" " ind2=" ">
    <subfield code="a">DO-SdBNP</subfield>
    <subfield code="b">spa</subfield>
    <subfield code="c">BNPHU</subfield>
  </datafield>
  <datafield tag="082" ind1=" " ind2=" ">
    <subfield code="a">302. 23</subfield>
    <subfield code="b">P441m</subfield>
  </datafield>
  <datafield tag="100" ind1="1" ind2=" ">
    <subfield code="a">Pericot I Canaleta, Jordi</subfield>
    <subfield code="9">5189</subfield>
  </datafield>
  <datafield tag="245" ind1="1" ind2="0">
    <subfield code="a">Mostrar para decir :</subfield>
    <subfield code="b">la imagen en contexto /</subfield>
    <subfield code="c">Jordi Pericot I Canaleta ; pr&#xF3;logo Jordi Berrio.</subfield>
  </datafield>
  <datafield tag="260" ind1=" " ind2=" ">
    <subfield code="a">Barcelona :</subfield>
    <subfield code="b">Universitat Au&#xE2;t&#xF3;noma de Barcelona. Servei de Publicacions ;</subfield>
    <subfield code="a">Valencia :</subfield>
    <subfield code="b">Publicacions de la Universitat de Valencia,</subfield>
    <subfield code="c">2002 ;</subfield>
    <subfield code="a">Bellaterra :</subfield>
    <subfield code="b">Universitat Pompeu Fabra ;</subfield>
    <subfield code="a">Castell&#xF3; de la Plana :</subfield>
    <subfield code="b">Universitat Jaume I.</subfield>
  </datafield>
  <datafield tag="300" ind1=" " ind2=" ">
    <subfield code="a">212 p. :</subfield>
    <subfield code="b">retrs. ;</subfield>
    <subfield code="c">25 cm.</subfield>
  </datafield>
  <datafield tag="490" ind1="1" ind2=" ">
    <subfield code="a">Aldea global ;</subfield>
    <subfield code="v">13</subfield>
  </datafield>
  <datafield tag="500" ind1=" " ind2=" ">
    <subfield code="a">Incluye datos biogr&#xE1;ficos del autor</subfield>
  </datafield>
  <datafield tag="505" ind1="2" ind2=" ">
    <subfield code="a">Pr&#xF3;logo / Jordi Berrio -- Introducci&#xF3;n -- Los componentes de una teor&#xED;a semi&#xF3;tica -- El discurso audiovisual como macroacto comunitativo -- La construcci&#xF3;n de un mundo posible -- An&#xE1;lisis pragm&#xE1;tico de las expresiones audiovisuales -- Pragm&#xE1;tica de las expresiones de&#xED;cticas -- Las enunciaciones presupuestas -- El incumplimiento de las m&#xE1;ximas -- Los actos de comunicaci&#xF3;n audiovisual -- La competencia comunicativa plena -- El cumplimiento de un acto inenunciativo -- Conclusi&#xF3;n -- Bibliograf&#xED;a.</subfield>
  </datafield>
  <datafield tag="650" ind1=" " ind2="4">
    <subfield code="a">Comunicaci&#xF3;n visual</subfield>
    <subfield code="9">5190</subfield>
  </datafield>
  <datafield tag="650" ind1=" " ind2="4">
    <subfield code="a">Comunicaci&#xF3;n audiovisual</subfield>
    <subfield code="9">5191</subfield>
  </datafield>
  <datafield tag="650" ind1=" " ind2="4">
    <subfield code="a">Publicidad</subfield>
    <subfield code="x">Aspectos psicol&#xF3;gicos</subfield>
    <subfield code="9">5192</subfield>
  </datafield>
  <datafield tag="700" ind1="1" ind2=" ">
    <subfield code="a">Berrio, Jordi,</subfield>
    <subfield code="e">pr&#xF3;l.</subfield>
    <subfield code="9">5193</subfield>
  </datafield>
  <datafield tag="830" ind1=" " ind2="0">
    <subfield code="a">Aldea global ;</subfield>
    <subfield code="n">13</subfield>
    <subfield code="9">5194</subfield>
  </datafield>
  <datafield tag="952" ind1=" " ind2=" ">
    <subfield code="0">0</subfield>
    <subfield code="1">0</subfield>
    <subfield code="7">1</subfield>
    <subfield code="8">PD</subfield>
    <subfield code="a">GR</subfield>
    <subfield code="b">GR</subfield>
    <subfield code="c">HD</subfield>
    <subfield code="d">2009-09-22</subfield>
    <subfield code="i">LF1</subfield>
    <subfield code="l">0</subfield>
    <subfield code="o">302. 23 P441m</subfield>
    <subfield code="p">1583-10</subfield>
    <subfield code="r">2020-06-25</subfield>
    <subfield code="w">2020-06-25</subfield>
    <subfield code="y">LFPD</subfield>
    <subfield code="Z">No se presta</subfield>
  </datafield>
  <datafield tag="999" ind1=" " ind2=" ">
    <subfield code="c">1479</subfield>
    <subfield code="d">1479</subfield>
  </datafield>
</record>
